00679nam a2200157 a 450000100100000000500170001000800410002704000250006811101260009324500810021926000480030030000420034804900090039095201050039999900170050400003172220200930063130.0110630s1973 dr 000 0 spa d aDO-SdBNPbspacBNPHU1 aSeminario internacional sobre planificación del desarrollo rural regionald(1973:cSanto Domingon9-13 de mayo )95798210aSeminario internacional sobre planificación del desarrollo rural regional. aSanto Domingo :bImpresora Acuarios,c1973. a1v. con varias paginaciones ;c22 cm. aBNPD 0010718PDaPDbPDcCTd2011-06-30iLF1l0o p31722-10r2020-06-25w2020-06-25yLFPDZNo se presta c31214d31214